000 00880nam a2200301Ia 4500
001 D4424
003 IT-RoPAU
008 130308s9999 xx 000 0 und d
040 _aIT-RoPAU
040 _cIT-RoPAU
041 _aITALIANO
100 _aCodevilla Giovanni
100 _gCodice Aut. SPICS: 44689
245 _aDiritti umani nelle costituzioni dell'Europa orientale (I)
245 _bDiritti Umani (I). dottrina e Prassi
250 _a1a ed.
260 _aROMA
260 _bAve
260 _c1982 [1° Ed.:1982 - Ed.Ling.Originale:1982]
300 _a"15 p. (prefazione: no ; testo: 15 [pagine: 457-471])"
500 _aPosizione Egemone del partito Comunista. carattere Funzionale dei Diritti e della Liberta'.
650 _aDIRITTO GENERALE
650 _eCodice materia Spics: 4601
942 _cBK
957 _71
999 _c76700
_d76700
999 _bSI
999 _g1